<?xml version="1.0" encoding="UTF-8"?>
<record
    xmlns:xsi="http://www.w3.org/2001/XMLSchema-instance"
    xsi:schemaLocation="http://www.loc.gov/MARC21/slim http://www.loc.gov/standards/marcxml/schema/MARC21slim.xsd"
    xmlns="http://www.loc.gov/MARC21/slim">

  <leader>00858nam a2200229 a 4500</leader>
  <controlfield tag="001">81044</controlfield>
  <controlfield tag="003">BD-RjUL</controlfield>
  <controlfield tag="005">20230111103829.0</controlfield>
  <controlfield tag="008">230111s2022    bg ||||| |||| 00| 0 ben d</controlfield>
  <datafield tag="020" ind1=" " ind2=" ">
    <subfield code="a">9789840761647</subfield>
  </datafield>
  <datafield tag="035" ind1=" " ind2=" ">
    <subfield code="a">(BD-RjUL)81044</subfield>
  </datafield>
  <datafield tag="040" ind1=" " ind2=" ">
    <subfield code="a">BD-RjUL</subfield>
    <subfield code="b">eng</subfield>
    <subfield code="c">BD-RjUL</subfield>
  </datafield>
  <datafield tag="041" ind1=" " ind2=" ">
    <subfield code="a">ben</subfield>
  </datafield>
  <datafield tag="082" ind1=" " ind2=" ">
    <subfield code="2">23</subfield>
    <subfield code="a">954.9205092 </subfield>
    <subfield code="b">AKS 2022</subfield>
  </datafield>
  <datafield tag="100" ind1=" " ind2=" ">
    <subfield code="a">&#x986;&#x996;&#x9A4;&#x9BE;&#x9B0;, &#x9B6;&#x9BF;&#x9B0;&#x9C0;&#x9A3; </subfield>
    <subfield code="9">6509</subfield>
  </datafield>
  <datafield tag="245" ind1=" " ind2=" ">
    <subfield code="a">&#x9ED;&#x987; &#x9AE;&#x9BE;&#x9B0;&#x9CD;&#x99A;&#x9C7;&#x9B0; &#x9AD;&#x9BE;&#x9B7;&#x9A3; :</subfield>
    <subfield code="b">&#x98F;&#x995;&#x99F;&#x9BF; &#x99C;&#x9BE;&#x9A4;&#x9BF;&#x9B0; &#x995;&#x9A5;&#x9BE;&#x9AE;&#x9BE;&#x9B2;&#x9BE; /</subfield>
    <subfield code="c">&#x9B6;&#x9BF;&#x9B0;&#x9C0;&#x9A3; &#x986;&#x996;&#x9A4;&#x9BE;&#x9B0;</subfield>
  </datafield>
  <datafield tag="260" ind1=" " ind2=" ">
    <subfield code="a">&#x9A2;&#x9BE;&#x995;&#x9BE; :</subfield>
    <subfield code="b">&#x9AC;&#x9BE;&#x982;&#x9B2;&#x9BE; &#x98F;&#x995;&#x9BE;&#x9A1;&#x9C7;&#x9AE;&#x9BF;,</subfield>
    <subfield code="c">&#x9E8;&#x9E6;&#x9E8;&#x9E8;</subfield>
  </datafield>
  <datafield tag="300" ind1=" " ind2=" ">
    <subfield code="a">&#x9ED;&#x9EF; &#x9AA;&#x9C3;.;</subfield>
    <subfield code="c">&#x9E8;&#x9E9; &#x9B8;&#x9C7;&#x9AE;&#x9BF;.</subfield>
  </datafield>
  <datafield tag="600" ind1=" " ind2=" ">
    <subfield code="a">&#x9AE;&#x9C1;&#x99C;&#x9BF;&#x9AC;&#x9C1;&#x9B0; &#x9B0;&#x9B9;&#x9AE;&#x9BE;&#x9A8;, &#x9B6;&#x9C7;&#x996;, </subfield>
    <subfield code="d">&#x9E7;&#x9EF;&#x9E8;&#x9E6;-&#x9E7;&#x9EF;&#x9ED;&#x9EB;</subfield>
  </datafield>
  <datafield tag="600" ind1=" " ind2=" ">
    <subfield code="a"> | Mujibur Rahman, Sheikh, </subfield>
    <subfield code="d">1920-1975</subfield>
    <subfield code="9">6511</subfield>
  </datafield>
  <datafield tag="942" ind1=" " ind2=" ">
    <subfield code="2">ddc</subfield>
    <subfield code="c">BK</subfield>
  </datafield>
  <datafield tag="999" ind1=" " ind2=" ">
    <subfield code="c">81044</subfield>
    <subfield code="d">81044</subfield>
  </datafield>
  <datafield tag="952" ind1=" " ind2=" ">
    <subfield code="0">0</subfield>
    <subfield code="1">0</subfield>
    <subfield code="2">ddc</subfield>
    <subfield code="4">0</subfield>
    <subfield code="7">1</subfield>
    <subfield code="8">NFIC</subfield>
    <subfield code="a">RUCL</subfield>
    <subfield code="b">RUCL</subfield>
    <subfield code="c">Bangabandhu Corner</subfield>
    <subfield code="d">2022-11-13</subfield>
    <subfield code="e">Rajshahi : Biddasagar</subfield>
    <subfield code="g">108.80</subfield>
    <subfield code="l">0</subfield>
    <subfield code="o">B 954.9205092  AKS 2022</subfield>
    <subfield code="r">2023-01-11 00:00:00</subfield>
    <subfield code="t">C-1</subfield>
    <subfield code="w">2023-01-11</subfield>
    <subfield code="y">BK</subfield>
  </datafield>
  <datafield tag="952" ind1=" " ind2=" ">
    <subfield code="0">0</subfield>
    <subfield code="1">0</subfield>
    <subfield code="2">ddc</subfield>
    <subfield code="4">0</subfield>
    <subfield code="7">0</subfield>
    <subfield code="8">NFIC</subfield>
    <subfield code="a">RUCL</subfield>
    <subfield code="b">RUCL</subfield>
    <subfield code="c">GEN</subfield>
    <subfield code="d">2022-11-13</subfield>
    <subfield code="e">Rajshahi : Biddasagar</subfield>
    <subfield code="g">108.80</subfield>
    <subfield code="l">0</subfield>
    <subfield code="o">B 954.9205092  AKS 2022</subfield>
    <subfield code="r">2023-01-11 00:00:00</subfield>
    <subfield code="t">C-2</subfield>
    <subfield code="w">2023-01-11</subfield>
    <subfield code="y">BK</subfield>
  </datafield>
</record>
